000 00290nam a2200097Ia 4500
082 _a779.40986|SUTE
245 0 _aSharp sharp South Africa : street style
100 _a Suter, Ed Cape Town, South Africa, 2012
_967425
942 _cBK
008 210817s9999 xx 000 0 und d
999 _c217383
_d217383